[Event "LXIII MEX-ch Open Leon 2017"]
[Site "Leon"]
[Date "2017.04.16"]
[Round "9"]
[White "Cordova, Emilio"]
[Black "Otero Acosta, Diasmany"]
[Result "1-0"]
[WhiteElo "2645"]
[BlackElo "2438"]
[Annotator "TA"]
[PlyCount "95"]
[EventDate "2017.??.??"]
[EventType "swiss"]
[EventCountry "MEX"]
[SourceTitle "playchess.com"]
[Source "ChessBase"]
[SourceQuality "1"]

{[%evp 14,95,25,21,39,12,30,24,31,19,16,16,28,19,38,30,33,28,28,18,21,10,57,61,58,61,45,21,57,63,77,60,77,80,107,105,116,107,152,148,145,127,186,143,327,300,300,297,294,255,254,264,254,167,174,156,143,128,129,124,1416,1425,1413,1425,1420,1408,1382,1382,1184,953,5206,5197,5181,5181,5181,4482,1527,266,5397,1755,10476,6374,6095,6087]} 1. Nf3 d5 2. c4 e6 3. g3 Nf6 4. Bg2 Be7 5. d4 O-O 6. Qc2 Nc6 7. a3 {E06: Closed Catalan: Early deviations} (7. O-O Nb4 8. Qb3 a5 9. a3 Nc6 10. Bf4 a4 11. Qc2 dxc4 12. Qxc4 Nd5 13. Nc3 Nb6 14. Qd3 Bd7 {1-0 (70) Topalov,V (2772)-Kasimdzhanov,R (2677) Leon 2007}) 7... dxc4 8. Qxc4 {LiveBook: 4 Games} Qd5 9. Nbd2 {White is slightly better.} b6 $146 (9... Rd8 10. e3 a5 11. O-O a4 12. Qc2 Qf5 13. Qd1 Qb5 14. Nb1 e5 {½-½ (31) Chernin,A (2615)-Speelman,J (2600) New York 1994}) 10. b3 (10. Nh4 $2 Qxc4 11. Nxc4 Nxd4 12. Bxa8 Nc2+ 13. Kf1 Nxa1 $19) 10... Bb7 {White must now prevent ...Nxd4!} 11. Bb2 Rac8 12. O-O Na5 13. Qxd5 Bxd5 14. b4 Nc4 15. Nxc4 Bxc4 16. Rfe1 c5 17. Ne5 cxd4 18. Nc6 $36 {[%mdl 2048] Black is under pressure.} ({But not} 18. Nxc4 Rxc4 19. Rec1 Rfc8 $15) 18... Rc7 $1 19. Rac1 Bd5 20. Bxd4 {Hoping for Bxd5.} Bxg2 21. Kxg2 {Strongly threatening Be5.} Ra8 22. Red1 Kf8 23. a4 Ne8 24. b5 f6 25. e4 {[%cal Be2e4,Be4e5][%mdl 32]} Bd6 26. Be3 Be7 27. h4 Kf7 (27... Rb7 $16 28. e5 fxe5 29. Nxe5 Rc7 30. Rxc7 Nxc7) 28. e5 f5 $2 (28... fxe5 $16 29. Nxe5+ Kf8) 29. Rd3 Rac8 30. Rcd1 Kf8 31. Rd7 Rxd7 32. Rxd7 Rc7 33. Rxc7 ({Weaker is} 33. Rxe7 Rxe7 34. Nxe7 Kxe7 $14) 33... Nxc7 34. Nxa7 $18 {[%mdl 4096] Endgame KBN-KBN} Nd5 35. Nc8 Nxe3+ 36. fxe3 $16 {KB-KN} Bc5 $2 {[%mdl 8192] [#]} (36... Bd8 $16 37. Kf3 g6) 37. a5 $1 $18 {[%mdl 512]} bxa5 38. b6 Bxb6 39. Nxb6 {KN-KP} Ke8 40. Kf3 Kd8 41. e4 fxe4+ 42. Kxe4 Kc7 43. Nc4 a4 44. Kd4 Kc6 45. Na3 Kb6 $2 (45... h5 46. Kc4 Kb6) 46. Kc4 (46. g4 $142 Kc6 47. Kc4) 46... Kc6 47. Nb5 Kb6 48. g4 1-0

[Event "LXIII MEX-ch Open Leon 2017"]
[Site "Leon"]
[Date "2017.04.16"]
[Round "9"]
[White "Gonzalez Zamora, Juan Carlos"]
[Black "Cofre Archibold, Nestor"]
[Result "1/2-1/2"]
[WhiteElo "2517"]
[BlackElo "2256"]
[Annotator "TA"]
[PlyCount "59"]
[EventDate "2017.??.??"]
[EventType "swiss"]
[EventCountry "MEX"]
[SourceTitle "playchess.com"]
[Source "ChessBase"]
[SourceQuality "1"]

{[%evp 18,59,44,30,49,-72,-70,-83,-68,-89,-55,-101,-73,-94,-96,-98,-104,-105,-110,-170,-88,-208,-201,-208,-164,-190,-165,-175,-120,-114,0,0,0,0,59,53,125,92,394,427,2894,2482,29990,29991]} 1. d4 Nf6 2. c4 c5 3. d5 e6 4. Nc3 exd5 5. cxd5 d6 6. e4 g6 7. Bd3 Bg7 8. Nge2 O-O 9. O-O Re8 10. h3 {LiveBook: 31 Games} Nbd7 {A65: Modern Benoni: 6 e4} 11. f4 (11. Ng3 $14 {keeps the upper hand.}) (11. Ng3 a6 12. a4 Rb8 13. f4 c4 14. Bxc4 b5 15. axb5 axb5 16. Bxb5 Rxb5 17. Nxb5 Qb6+ 18. Nd4 Nxe4 19. Nge2 Ba6 20. Kh2 Bxd4 21. Rxa6 Qxa6 22. Nxd4 Ndf6 23. f5 Nxd5 24. Qf3 Ndf6 25. fxg6 {½-½ (25) Weber,J (2575)-Rubinas,P (2574) ICCF email 2010}) 11... c4 $1 $17 {[%cal Rc4d3]} 12. Bc2 b5 {[%cal Bb7b5,Bb5b4][%mdl 32] Black is better.} 13. a3 Qb6+ $146 (13... Nc5 14. Ng3 Rb8 15. Qf3 a5 16. Be3 Nfd7 17. Rab1 b4 18. axb4 axb4 {0-1 (27) Reisel,F (2085)-Balogh,P (1955) Slovakia 2012}) 14. Kh1 a5 $1 15. Ng3 Ba6 $1 16. Qf3 b4 $36 {[%mdl 2048] Black is in control.} 17. Be3 Qb7 18. Nce2 {[#]} (18. axb4 $17 axb4 19. Nce2) 18... h5 ({Black should try} 18... c3 $1 $19 {[%cal Rc3b2][%mdl 512]} 19. b3 (19. bxc3 b3) 19... h5) 19. e5 (19. axb4 $17 h4 20. bxa5) 19... dxe5 $19 {Hoping for ...c3.} 20. f5 e4 (20... Qxd5 21. fxg6 fxg6 22. Bxg6 Qxf3 23. Rxf3 $17) 21. Nxe4 Nxe4 (21... Qxd5 22. fxg6 fxg6 23. Rad1 $14 (23. Nxf6+ $2 Nxf6 24. Nd4 c3 25. bxc3 Bxf1 26. Qxf1 Kh7 $19)) (21... Ne5 22. Nxf6+ Bxf6 23. Qf2 $11 (23. Qg3 $2 h4 24. Qf2 g5 25. axb4 axb4 $19)) 22. fxg6 f5 (22... Ndf6 $19 {And now ...c3 would win.} 23. Bxe4 c3) 23. Bxe4 $17 {[#]} (23. axb4 $2 c3 24. Bxe4 cxb2 25. Bxf5 bxa1=Q $19) 23... Rxe4 ({Better is} 23... Nf6 $1 $17 24. Bc2 (24. Bxf5 Qxd5 25. Qf4 c3 $19) 24... Qxd5) 24. Ng3 $11 Nf6 {...c3 is the strong threat.} 25. Bg5 c3 ({Black should play} 25... Re5 $11 26. Bxf6 Bxf6 27. Nxf5 Rf8 28. Qxh5 (28. Nh6+ Kg7 29. Nf7 Rxf7 30. gxf7 Qxf7 $15) 28... c3 29. bxc3 bxc3) 26. Bxf6 $1 $14 Bxf1 (26... cxb2 $14 27. Bxb2 Bxf1 28. Rxf1 Bxb2) 27. Rxf1 $16 cxb2 $2 {[%mdl 8192]} (27... Rf8 $16 {is more resistant.} 28. Bxg7 (28. Nxe4 $2 fxe4 29. Qxh5 Bxf6 30. bxc3 bxa3 $19) (28. Nxf5 Rxf6 29. Qxe4 cxb2 30. axb4 Qxb4 $16) (28. Qxf5 Re3 29. Qxh5 Bxf6 $11) (28. Qxh5 Bxf6 29. Nxf5 cxb2 $11) 28... Qxg7) 28. Nxf5 $18 ({And not} 28. Nxe4 fxe4 29. Qb3 (29. Qxe4 $2 Qa6 30. Rg1 Qxf6 $19) 29... a4 30. Qxb2 Rf8 $11) 28... Rae8 (28... Bxf6 $142 29. Qxe4 Qd7) 29. Bxg7 Re1 30. Bxb2 {[%mdl 32768] An unexpected result.} 1/2-1/2

[Event "LXIII MEX-ch Open Leon 2017"]
[Site "Leon"]
[Date "2017.04.16"]
[Round "9"]
[White "Hernandez Guerrero, Gilberto"]
[Black "Cuenca Jimenez, Jose Fernando"]
[Result "1/2-1/2"]
[WhiteElo "2499"]
[BlackElo "2477"]
[Annotator "TA"]
[PlyCount "78"]
[EventDate "2017.??.??"]
[EventType "swiss"]
[EventCountry "MEX"]
[SourceTitle "playchess.com"]
[Source "ChessBase"]
[SourceQuality "1"]

{[%evp 13,78,-7,0,0,9,3,27,0,0,0,0,0,0,0,0,-46,-58,-43,-25,-20,-18,-29,-7,-13,-20,-20,-20,-17,-19,-64,0,-113,-51,-73,-60,-92,-82,-112,-112,-111,-101,-100,-94,-117,-90,-86,-88,-139,-135,-127,-129,-156,-164,-182,-182,-192,-147,-147,-141,-150,-150,-150,-147,-145,-137,-131,-128]} 1. e4 e6 2. d4 d5 3. Nc3 Bb4 4. e5 c5 5. a3 Bxc3+ 6. bxc3 Ne7 7. Nf3 h6 8. a4 {C19: French: 3 Nc3 Bb4: Main line: 7 Nf3 and 7 a4} Qa5 (8... O-O 9. Bd3 b6 10. Ba3 Qc7 11. O-O Ba6 12. Bxa6 Nxa6 13. Qe2 Nb8 14. c4 dxc4 15. dxc5 bxc5 16. Qxc4 Nd7 17. Rfe1 Rac8 18. Rab1 Rfd8 19. Rb3 Ng6 {0-1 (45) Aroshidze,L (2517)-Vocaturo,D (2606) Sitges 2016}) 9. Qd2 O-O 10. Bd3 {White has an edge.} b6 $146 (10... Re8 11. O-O c4 12. Be2 b5 13. Ba3 bxa4 14. Bb4 Qa6 15. Ra2 Bd7 16. Nh4 {½-½ (35) Parisi,G-Balshaw,A (2157) ICCF email 2010}) 11. Ba3 {[#] Bb4! is the strong threat.} Qxa4 12. O-O Qc6 13. dxc5 bxc5 14. c4 dxc4 15. Bxc4 Nf5 16. Bd3 Bb7 17. Rfe1 Nd7 18. Qf4 Rfe8 19. Bxf5 exf5 20. Qxf5 Re6 21. Bb2 a5 ({Black should play} 21... Nf8 $15) 22. Rad1 (22. Nh4 $11 {remains equal.}) 22... Rae8 (22... a4 $17 23. Rd3 Rae8) 23. Ba1 a4 {[%cal Ba5a4,Ba4a3][%mdl 32]} 24. Re3 Nb6 {[%cal Bd7b6,Bb6c4,Bc4b2][%mdl 32]} 25. h3 Nc4 26. Re2 a3 $36 {[%mdl 2048] Black has strong initiative.} 27. Qf4 Nb2 28. Rb1 Qa6 29. Re3 Bd5 {Hoping for ...Nc4.} 30. Nd2 (30. Nh4 $142) 30... Nc4 $17 31. Rd3 Nxd2 32. Qxd2 a2 {Black is clearly better.} 33. Re1 Bc4 34. Rd7 Qc6 35. f4 {intending f5.} Rg6 {Threatens to win with ...Rxg2+!} 36. Rd6 Rxd6 37. exd6 {Black must now prevent Rxe8+.} Rxe1+ 38. Qxe1 {And now Qc3 would win.} Qxd6 39. Qc3 {[%csl Ga1][%cal Rc3g7] [#]} Qd4+ $1 {[%mdl 512]} 1/2-1/2

[Event "LXIII MEX-ch Open Leon 2017"]
[Site "Leon"]
[Date "2017.04.16"]
[Round "9"]
[White "Ruiz Sanchez, Orlen"]
[Black "Gracia Alvarez, Gerardo An"]
[Result "1-0"]
[WhiteElo "2455"]
[BlackElo "2251"]
[Annotator "TA"]
[PlyCount "119"]
[EventDate "2017.??.??"]
[EventType "swiss"]
[EventCountry "MEX"]
[SourceTitle "playchess.com"]
[Source "ChessBase"]
[SourceQuality "1"]

{[%evp 21,119,18,26,-14,16,0,0,-16,9,-7,0,0,7,8,8,0,0,-8,0,-30,-30,-53,-54,-84,-90,-64,-61,-66,0,0,0,0,0,0,0,-7,0,0,0,0,0,-7,0,0,0,0,0,0,0,0,0,-22,-22,-17,-13,-22,-8,-22,-32,-57,-7,-8,-19,-43,0,0,0,0,0,0,164,149,428,395,1097,964,1686,1319,1632,1650,1507,1373,1473,1000,29958,29943,5608,-335,5089,-29981,5061,2697,4858,2126,29991,3804,2106,2097,1495,0]} 1. e4 e5 2. Nf3 Nc6 3. Bb5 Nf6 4. O-O Nxe4 5. d4 Nd6 6. Bxc6 dxc6 7. dxe5 Nf5 8. Qxd8+ Kxd8 9. h3 h5 {C67: Ruy Lopez: Berlin Defence: 4 0-0 Nxe4} 10. Nc3 Ke8 11. Bf4 (11. Bg5 Be6 12. Rad1 Be7 13. b3 h4 14. Rfe1 a5 15. Rd3 Rd8 16. Rxd8+ Kxd8 17. Ne2 Bd5 18. Bxe7+ Kxe7 {½-½ (49) So,W (2822)-Caruana,F (2817) Saint Louis 2017}) 11... Be6 {LiveBook: 13 Games. The position is equal.} 12. a3 $146 (12. Rad1 Be7 13. Ng5 Rh6 14. g3 Bxg5 15. Bxg5 Rg6 16. Bf4 Nh4 17. Kh2 Nf3+ 18. Kg2 Nh4+ 19. Kh2 Nf3+ 20. Kg2 Nh4+ {½-½ (20) Gharamian,T (2626)-Andriasian,Z (2622) Bastia 2016}) 12... h4 13. Rad1 Be7 14. Bg5 Rh5 15. Bxe7 (15. Bc1 $5 {is interesting.} Rd8 16. Rfe1 a6 17. Ne2 Bd5 18. Nh2) 15... Kxe7 16. Rfe1 b6 17. Ne2 Bd5 18. Nh2 Rhh8 19. Nf4 Rad8 20. Ng4 {Threatening e6.} Be6 21. f3 c5 22. Nxe6 Kxe6 23. Kf2 Rd4 24. c3 Rdd8 (24... Rxd1 $15 25. Rxd1 g5) 25. f4 $11 c6 26. Nh2 Rd5 27. Nf3 Rhd8 28. Rxd5 (28. Rb1 $5 {seems wilder.} Ke7 29. Ra1 R5d7 30. Rac1 Rd3 31. a4) 28... cxd5 {[%mdl 4096] Endgame KRN-KRN} 29. Rd1 f6 30. Re1 Kf7 31. Rd1 Ke6 32. Re1 Kd7 33. a4 Kc6 34. Ke2 d4 35. cxd4 Nxd4+ 36. Kf2 Nf5 37. exf6 gxf6 38. Re6+ $1 Rd6 39. Re8 Kd5 40. b3 c4 41. bxc4+ Kxc4 42. Rh8 $1 Kb4 43. Nxh4 Nxh4 44. Rxh4 {aiming for g4.} Kxa4 {...b5 is the strong threat. KR-KR} 45. g4 {Black must now prevent g5.} a5 $2 {[#]} (45... b5 $11 {and Black has nothing to worry.}) 46. g5 $18 fxg5 $2 {[%mdl 8192]} (46... Rd2+ $16 47. Ke3 Rd8) 47. fxg5+ {[%cal Bf4g5,Bg5g6][%mdl 32]} Kb5 $2 (47... Kb3 48. Rh6 Rd8) 48. Rg4 a4 49. g6 Rd8 50. h4 {[%cal Bh3h4,Bh4h5][%mdl 32]} ({Weaker is} 50. g7 Rg8 $11) 50... a3 51. h5 Rd2+ 52. Ke3 Rd1 53. Rg2 Re1+ 54. Kf2 $4 {[%mdl 8192] [#]} (54. Kf4 $18 {is the narrow road to win.} Rc1 55. g7 Rc4+ 56. Kg5 Rc5+ 57. Kf4 Rxh5 58. g8=Q Rh4+ 59. Ke5) 54... Rd1 $4 {[%mdl 8192]} (54... a2 $19 55. Kxe1 (55. Rg5+ $2 Kc6 56. Kxe1 a1=Q+ $19) 55... a1=Q+ 56. Kf2 Qf6+ 57. Kg3 Qg5+ 58. Kf2 Qc5+ 59. Ke1 Qxh5) 55. Rg4 $4 {[%mdl 8192]} (55. Rg5+ $18 Kb4 56. g7) 55... Rd8 $4 {[%mdl 8192]} (55... a2 {avoids the disaster.} 56. Rg5+ Kc6 57. Rg1 a1=Q 58. Rxd1 Qxd1 59. h6 Qd2+ 60. Kf3 Qxh6 61. Ke4 Qxg6+ 62. Kf3 Kd5 63. Ke3 Qe4+ 64. Kf2 Kd4 65. Kf1 Ke3 66. Kg1 Qc2 67. Kh1 Kf3 68. Kg1 Qg2#) 56. Rg1 a2 57. Ke3 (57. g7 $142 Rd2+ 58. Ke3) 57... Rd2 58. Kf3 (58. Kxd2 $142 Kc5 59. h6 Kd6 60. g7 a1=Q 61. Rxa1 Kc6 62. g8=Q Kd6 63. h7) 58... Rd3+ 59. Kf4 Rd2 60. Kf3 $2 {[%mdl 32768] Loss on time?} ({Only move:} 60. g7 $18) 1-0

[Event "LXIII MEX-ch Open Leon 2017"]
[Site "Leon"]
[Date "2017.04.16"]
[Round "9"]
[White "Fernandez Cardoso, Alexey"]
[Black "Macieja, Bartlomiej"]
[Result "1/2-1/2"]
[WhiteElo "2445"]
[BlackElo "2529"]
[Annotator "TA"]
[PlyCount "90"]
[EventDate "2017.??.??"]
[EventType "swiss"]
[EventCountry "MEX"]
[SourceTitle "playchess.com"]
[Source "ChessBase"]
[SourceQuality "1"]

{[%evp 8,90,-4,0,10,8,0,-1,-10,-35,-35,-25,-8,-31,-40,-61,-66,-64,-63,-156,-147,-184,-188,-183,-198,-185,-122,-115,-119,-113,-19,-23,-21,-25,0,-5,0,0,0,0,0,-4,0,0,0,0,8,-44,0,0,0,0,0,0,7,12,22,28,43,6,6,6,6,6,6,0,0,0,24,18,23,10,29,0,25,0,0,0,0,0,0,0,8,8,28]} 1. e4 c6 2. Ne2 d5 3. e5 c5 4. c3 Nc6 5. d4 a6 {B12: Caro-Kann: Advance Variation} 6. Be3 Nh6 7. Bxh6 $146 (7. Ng3 Nf5 8. Nxf5 Bxf5 9. Bd3 Bxd3 10. Qxd3 Qb6 11. Qe2 Qb5 12. Qd2 e6 13. Na3 {0-1 (40) Can,E (2487)-Macieja,B (2619) Aix les Bains 2011}) 7... gxh6 8. a3 Bg4 {[%cal Bc8g4,Bg4h5,Bh5g6][%mdl 32]} 9. f3 Bh5 10. b4 cxd4 11. cxd4 e6 12. Nbc3 f6 13. Ng3 ({Don't play} 13. Nf4 Bf7 14. Rc1 Bg7 $17) (13. f4 $15) 13... Bg6 $17 14. f4 fxe5 15. dxe5 Qh4 16. Qd2 Bg7 (16... h5 $1 $19 {Threatens to win with ...Bh6.} 17. b5 axb5 18. Bxb5 Bc5) 17. Be2 d4 18. Na4 {[%cal Bc3a4,Ba4b2,Bb2d3][%mdl 32] [#]} O-O (18... d3 $1 $17 {[%cal Rd3e2][%mdl 512]} 19. Bxd3 (19. Nc5 $2 O-O 20. Bxd3 Nxe5 21. Bxg6 Nxg6 $19) 19... O-O-O) 19. O-O $11 {[#] Black must now prevent Bc4.} d3 $1 {[%mdl 512]} 20. Bxd3 Rad8 21. Nb2 Bxd3 22. Nxd3 Nxe5 $1 23. fxe5 Qd4+ 24. Kh1 {aiming for Rxf8+.} Rxf1+ 25. Rxf1 {Hoping for Rd1.} Qxd3 26. Qc1 Qd5 27. Qc7 ({White should play} 27. Nh5 $11 Qxe5 28. Nxg7) 27... Qd7 28. Qc3 Rc8 29. Qe3 Qb5 30. Qe4 Rf8 31. Re1 Rd8 32. Qg4 {And now Nh5 would win.} Qe8 33. Nh5 {[%csl Gh5][%cal Rg4g7]} Qg6 34. Nf6+ Bxf6 35. Qxe6+ Qf7 36. Qxf7+ Kxf7 {[%mdl 4096] Endgame KRB-KR} 37. Rf1 Ke6 38. exf6 {KR-KR} Rf8 39. Re1+ Kd6 40. Rf1 (40. g3 $5 {with more complications.} Rxf6 41. Kg2 b6 42. Rc1 Rf5 43. Rc4) 40... Ke6 41. f7 (41. g3 $5 {is interesting.} Rxf6 42. Rc1 Rf3 43. Rc7 Rf7 44. Rc5) 41... Rxf7 {The position is equal.} 42. Rxf7 Kxf7 43. g4 Ke6 44. Kg2 Kd5 $1 45. Kg3 {Strongly threatening Kh4.} Kc4 1/2-1/2

[Event "LXIII MEX-ch Open Leon 2017"]
[Site "Leon"]
[Date "2017.04.16"]
[Round "9"]
[White "Garcia Guerrero, Isaac Antonio"]
[Black "Obregon Rivero, Juan Carlos"]
[Result "0-1"]
[WhiteElo "2332"]
[BlackElo "2529"]
[Annotator "TA"]
[PlyCount "46"]
[EventDate "2017.??.??"]
[EventType "swiss"]
[EventCountry "MEX"]
[SourceTitle "playchess.com"]
[Source "ChessBase"]
[SourceQuality "1"]

{[%evp 6,46,-5,-10,6,-68,-54,-95,-76,-136,-146,-167,-138,-143,-131,-127,-14,-28,-19,-21,36,39,34,34,41,29,39,-63,-55,-59,-56,-61,-64,-64,-38,-292,-305,-303,-253,-1053,-1035,-1017,-1014]} 1. d4 g6 2. e4 Bg7 3. h4 d5 4. e5 h5 {B06: Modern Defence} (4... c5 5. c3 Nc6 6. h5 Nh6 7. Bb5 Qb6 8. a4 Bd7 9. Nf3 cxd4 10. cxd4 Bg4 11. Nc3 Rd8 12. a5 Qc7 {0-1 (38) Morozevich,A (2683)-Bologan,V (2640) Sochi 2016}) 5. Nh3 (5. Nc3 $11) 5... c5 $15 6. Ng5 cxd4 $146 {Black is better.} (6... Nc6 7. e6 Nh6 8. Bd3 f5 9. g4 c4 10. Bxf5 gxf5 11. gxf5 O-O 12. Qxh5 Rxf5 {1-0 (19) Chepel,M (2132)-Gaboev,B (2124) Moscow 2007}) 7. e6 (7. Bb5+ $142 Nc6 8. Qxd4) 7... Nh6 ({Not} 7... fxe6 8. Qd3 Kf8 9. Qxg6 $14) 8. Bd3 {Threatening exf7+.} Qb6 9. exf7+ Nxf7 10. Qf3 Ne5 (10... Nxg5 $17 11. Bxg5 Qe6+ 12. Kf1 Nc6) 11. Qxd5 $11 Nxd3+ 12. cxd3 Qf6 (12... Rf8 $11) 13. O-O Qf5 14. Qb3 Na6 {[%cal Bb8a6,Ba6c5,Bc5e4][%mdl 32]} 15. Nd2 {Black must now prevent Nde4.} Nc5 16. Qc4 (16. Qa3 $14) 16... b6 $1 $15 17. b4 $1 {[%cal Rb4c5]} Ba6 {[%cal Bc8a6,Ba6b7,Bb7e4][%mdl 32]} 18. b5 Bb7 {[#] And now ...Bd5 would win.} 19. Nde4 $1 Rc8 {...Bd5 is the strong threat.} 20. Re1 $2 {[%mdl 8192]} ({White should play} 20. Nxc5 $15 bxc5 21. Qa4) 20... Nxe4 $19 21. Nxe4 {aiming for Nd6+.} Bxe4 22. Qb4 $2 {[#]} (22. dxe4 Qxf2+ 23. Kxf2 Rxc4 24. Bg5) 22... Rc2 23. Bd2 O-O 0-1

[Event "LXIII MEX-ch Open Leon 2017"]
[Site "Leon"]
[Date "2017.04.16"]
[Round "9"]
[White "Tello Chavez, Isaac Valent"]
[Black "Gonzalez Vidal, Yuri"]
[Result "0-1"]
[WhiteElo "2286"]
[BlackElo "2534"]
[Annotator "TA"]
[PlyCount "110"]
[EventDate "2017.??.??"]
[EventType "swiss"]
[EventCountry "MEX"]
[SourceTitle "playchess.com"]
[Source "ChessBase"]
[SourceQuality "1"]

{[%evp 17,110,16,41,17,16,0,0,0,0,-20,-22,-21,-29,-26,-22,-31,-27,-45,-37,-93,-88,-98,-89,-101,-46,-51,-53,-52,-45,-50,-54,-115,-115,-115,-114,-114,-114,-114,-115,-150,-147,-140,-100,-105,-110,-129,-129,-129,-129,-131,-133,-131,-129,-129,-129,-129,-114,-119,-123,-133,-133,-133,-133,-146,-121,-146,-146,-146,-146,-160,-160,-160,-160,-160,-160,-160,-160,-405,-398,-383,-383,-775,-705,-1150,-1165,-963,-856,-1877,-1573,-29983,-29984,-29984,-29985,-29983,-29983]} 1. d4 Nf6 2. Bg5 Ne4 3. Bf4 d5 4. e3 c5 5. Bd3 Nf6 6. c3 {A45: Trompowsky Attack} Nc6 7. Nd2 Bg4 (7... g6 8. h3 Bg7 9. Ngf3 Nd7 10. O-O O-O 11. Bb5 Qb6 12. Qb3 Re8 13. Ba4 c4 {½-½ (76) Vitiugov,N (2726)-Tari,A (2584) Doha 2016}) 8. Ngf3 e6 9. O-O Bd6 {LiveBook: 4 Games} 10. dxc5 Bxc5 11. e4 $146 (11. Qa4 O-O 12. Ne5 Nxe5 13. Bxe5 Bh5 {0-1 (29) Eliet,N (2408)-Degraeve,J (2536) Gonfreville 1999}) 11... O-O 12. Qc2 h6 13. Ne5 Nh5 14. Nxc6 bxc6 15. Be3 Bxe3 16. fxe3 Qg5 17. Rae1 $1 Rad8 18. Nf3 (18. c4 $15) 18... Bxf3 $1 $17 19. Rxf3 Nf6 $36 {[%mdl 2048] White is under strong pressure.} ({Much worse is} 19... dxe4 20. Bxe4 Nf6 21. Bxc6 $15) 20. Rf4 Ng4 ({Better is} 20... Rd7 $17 21. exd5 Nxd5) 21. Qe2 $15 Ne5 22. exd5 Rxd5 23. Rd4 c5 24. c4 (24. Rxd5 $15 exd5 25. c4) 24... cxd4 $17 25. cxd5 Nxd3 26. Qxd3 Qxd5 27. Qxd4 Qxa2 {[%mdl 4096] Endgame KQR-KQR} 28. Rc1 Rb8 29. b4 a6 30. Qd6 Rb5 31. Rc8+ Kh7 32. Qd3+ Rf5 {( -> ...Qa1+)} 33. h3 Qa1+ 34. Kh2 Qe5+ 35. Kg1 g6 36. Qc3 Qxc3 37. Rxc3 {KR-KR} Rb5 38. Rc6 Rxb4 39. Rxa6 Rb2 40. Ra3 h5 41. Ra4 Re2 42. Re4 g5 {[%cal Bg6g5,Bg5g4][%mdl 32]} 43. h4 g4 $1 44. Kh2 Kg6 45. Re5 Rd2 46. Rg5+ Kh6 47. Kg3 $2 {[#]} (47. Ra5 $17 {keeps fighting.}) 47... f6 $1 $19 {[%cal Rf6g5]} 48. Rg8 Re2 49. Kf4 $2 (49. Rh8+ Kg6 50. e4) 49... Rxg2 50. Re8 Rf2+ 51. Ke4 e5 52. Kd5 Kg7 53. Ke6 g3 {Black mates.} 54. Re7+ {[#]} Kf8 $1 55. Rf7+ Kg8 0-1